Bhagavad Gita : (Record no. 84189)

MARC details
000 -LEADER
fixed length control field 00887nam a22002177a 4500
005 - DATE AND TIME OF LATEST TRANSACTION
control field 20140807130249.0
010 ## - LCCN (DPL NO)
LC control number B-512200-206 B-506293-295
020 ## - INTERNATIONAL STANDARD BOOK NUMBER
International Standard Book Number 9788184953411
Terms of availability 275.00
035 ## - SYSTEM CONTROL NUMBER
System control number B-512200-206 B-506293-295
037 ## - SOURCE OF ACQUISITION
Stock number dpl
Source of stock number/acquisition BSB/Ven
037 ## - SOURCE OF ACQUISITION
Stock number dpl
Source of stock number/acquisition KBD/Ven
082 ## - DEWEY DECIMAL CLASSIFICATION NUMBER
Classification number 181.45
100 ## - MAIN ENTRY--PERSONAL NAME
Personal name Easwaran, Eknath
245 ## - TITLE STATEMENT
Title Bhagavad Gita :
Statement of responsibility, etc by Eknath Easwaran
Remainder of title a contemporary guide to yoga, meditation and indian philosophy /
260 ## - PUBLICATION, DISTRIBUTION, ETC. (IMPRINT)
Place of publication, distribution, etc Mumbai
Name of publisher, distributor, etc Jaico Publishing House
Date of publication, distribution, etc 2012
270 ## - ADDRESS
Address A-2 Jash Chambers, 7-A Sir Phirozshah Mehta Road
City Fort, Mumbai
Postal code 400001
300 ## - PHYSICAL DESCRIPTION
Extent 294p.
Dimensions 22cm(pbk)
942 ## - ADDED ENTRY ELEMENTS (KOHA)
Source of classification or shelving scheme Dewey Decimal Classification
Item type English Books
Classification part 181.45
Call number suffix EAS
Holdings
Withdrawn status Lost status Not for loan Collection code Home library Current library Date acquired Source of acquisition Cost, normal purchase price Full call number Barcode Copy number Cost, replacement price Koha item type
      Non-fiction Bawana Bawana 12/05/2014 BSB/875/09.03.2013/169/08.03.2013/22.3.2013 275.00 181.45 EAS B-512204 1 275.00 English Books
      Non-fiction Central Library Central Library 12/05/2014 BSB/875/09.03.2013/169/08.03.2013/22.3.2013 275.00 181.45 EAS B-512200 1 275.00 English Books
      Non-fiction Central Library Central Library 07/08/2014 KBD/BL22/19.3.2013/171/19.3.2013/22.3.2013 275.00 181.45 EAS B-506293 1 275.00 English Books
      Non-fiction Janak Puri Janak Puri 12/05/2014 BSB/875/09.03.2013/169/08.03.2013/22.3.2013 275.00 181.45 EAS B-512202 1 275.00 English Books
      Non-fiction Narela Narela 12/05/2014 BSB/875/09.03.2013/169/08.03.2013/22.3.2013 275.00 181.45 EAS B-512205 1 275.00 English Books
      Non-fiction Patel Nagar Patel Nagar 12/05/2014 BSB/875/09.03.2013/169/08.03.2013/22.3.2013 275.00 181.45 EAS B-512201 1 275.00 English Books
      Non-fiction Patel Nagar Patel Nagar 07/08/2014 KBD/BL22/19.3.2013/171/19.3.2013/22.3.2013 275.00 181.45 EAS B-506294 1 275.00 English Books
      Non-fiction Sarojini Nagar Sarojini Nagar 12/05/2014 BSB/875/09.03.2013/169/08.03.2013/22.3.2013 275.00 181.45 EAS B-512203 1 275.00 English Books
      Non-fiction Sarojini Nagar Sarojini Nagar 07/08/2014 KBD/BL22/19.3.2013/171/19.3.2013/22.3.2013 275.00 181.45 EAS B-506295 1 275.00 English Books
      Non-fiction Shahdara Branch Shahdara Branch 12/05/2014 BSB/875/09.03.2013/169/08.03.2013/22.3.2013 275.00 181.45 EAS B-512206 1 275.00 English Books

© Delhi Public Library
Hit Counter
free hit counter